MyGZULibrary

The origins of language : (Record no. 8281)

MARC details
000 -LEADER
fixed length control field 02433cam a2200493 i 4500
001 - CONTROL NUMBER
control field 17821191
003 - CONTROL NUMBER IDENTIFIER
control field GZU
005 - DATE AND TIME OF LATEST TRANSACTION
control field 20210519094323.0
008 - FIXED-LENGTH DATA ELEMENTS--GENERAL INFORMATION
fixed length control field 130719s2014 enk b 001 0 eng d
010 ## - LIBRARY OF CONGRESS CONTROL NUMBER
LC control number 2013945732
016 7# - NATIONAL BIBLIOGRAPHIC AGENCY CONTROL NUMBER
Record control number 016584342
Source Uk
020 ## - INTERNATIONAL STANDARD BOOK NUMBER
International Standard Book Number 9780198701880 (pbk.)
020 ## - INTERNATIONAL STANDARD BOOK NUMBER
International Standard Book Number 0198701888 (pbk.)
020 ## - INTERNATIONAL STANDARD BOOK NUMBER
International Standard Book Number 9780198701668
020 ## - INTERNATIONAL STANDARD BOOK NUMBER
International Standard Book Number 0198701667
035 ## - SYSTEM CONTROL NUMBER
System control number (OCoLC)ocn861207250
040 ## - CATALOGING SOURCE
Original cataloging agency BTCTA
Language of cataloging eng
Transcribing agency BTCTA
Description conventions rda
Modifying agency BDX
-- UKMGB
-- YDXCP
-- CDX
-- DEBBG
-- CUD
-- CUS
-- NGU
-- DLC
042 ## - AUTHENTICATION CODE
Authentication code lccopycat
050 00 - LIBRARY OF CONGRESS CALL NUMBER
Classification number P140
Item number .H87 2014
082 00 - DEWEY DECIMAL CLASSIFICATION NUMBER
Classification number 417/.7
Edition number 23
084 ## - OTHER CLASSIFICATION NUMBER
Classification number ES 415
Number source rvk
084 ## - OTHER CLASSIFICATION NUMBER
Classification number ES 400
Number source rvk
100 1# - MAIN ENTRY--PERSONAL NAME
Personal name Hurford, James R.,
Relator term author.
245 14 - TITLE STATEMENT
Title The origins of language :
Remainder of title a slim guide /
Statement of responsibility, etc. James R. Hurford.
250 ## - EDITION STATEMENT
Edition statement First edition.
264 #1 - PRODUCTION, PUBLICATION, DISTRIBUTION, MANUFACTURE, AND COPYRIGHT NOTICE
Place of production, publication, distribution, manufacture Oxford, United Kingdom :
Name of producer, publisher, distributor, manufacturer Oxford University Press,
Date of production, publication, distribution, manufacture, or copyright notice 2014.
300 ## - PHYSICAL DESCRIPTION
Extent 173 pages ;
Dimensions 22 cm.
336 ## - CONTENT TYPE
Content type term text
Content type code txt
Source rdacontent
337 ## - MEDIA TYPE
Media type term unmediated
Media type code n
Source rdamedia
338 ## - CARRIER TYPE
Carrier type term volume
Carrier type code nc
Source rdacarrier
504 ## - BIBLIOGRAPHY, ETC. NOTE
Bibliography, etc. note Includes bibliographical references (page 166) and index.
505 0# - FORMATTED CONTENTS NOTE
Formatted contents note The prehistory of a very special ape -- Nature, nurture, and language -- How trusted talk started -- Concepts before language -- Building powerful grammar engines -- Pronunciation gets complex.
650 #0 - SUBJECT ADDED ENTRY--TOPICAL TERM
Topical term or geographic name entry element Language and languages
General subdivision Origin.
650 #0 - SUBJECT ADDED ENTRY--TOPICAL TERM
Topical term or geographic name entry element Historical linguistics.
776 08 - ADDITIONAL PHYSICAL FORM ENTRY
Relationship information Online version:
Main entry heading Hurford, James R.
Title Origins of language.
Edition First edition.
Place, publisher, and date of publication Oxford, [England] : Oxford University Press, 2014
Record control number (OCoLC)878148532
856 4# - ELECTRONIC LOCATION AND ACCESS
Uniform Resource Identifier <a href="http://bvbr.bib-bvb.de:8991/F?func=service&doc_library=BVB01&local_base=BVB01&doc_number=026996159&line_number=0001&func_code=DB_RECORDS&service_type=MEDIA">http://bvbr.bib-bvb.de:8991/F?func=service&doc_library=BVB01&local_base=BVB01&doc_number=026996159&line_number=0001&func_code=DB_RECORDS&service_type=MEDIA</a>
Public note Klappentext
856 4# - ELECTRONIC LOCATION AND ACCESS
Uniform Resource Identifier <a href="http://bvbr.bib-bvb.de:8991/F?func=service&doc_library=BVB01&local_base=BVB01&doc_number=026996159&line_number=0002&func_code=DB_RECORDS&service_type=MEDIA">http://bvbr.bib-bvb.de:8991/F?func=service&doc_library=BVB01&local_base=BVB01&doc_number=026996159&line_number=0002&func_code=DB_RECORDS&service_type=MEDIA</a>
Public note Inhaltsverzeichnis
856 42 - ELECTRONIC LOCATION AND ACCESS
Materials specified Contributor biographical information
Uniform Resource Identifier <a href="http://www.loc.gov/catdir/enhancements/fy1410/2013945732-b.html">http://www.loc.gov/catdir/enhancements/fy1410/2013945732-b.html</a>
856 42 - ELECTRONIC LOCATION AND ACCESS
Materials specified Publisher description
Uniform Resource Identifier <a href="http://www.loc.gov/catdir/enhancements/fy1410/2013945732-d.html">http://www.loc.gov/catdir/enhancements/fy1410/2013945732-d.html</a>
856 41 - ELECTRONIC LOCATION AND ACCESS
Materials specified Table of contents only
Uniform Resource Identifier <a href="http://www.loc.gov/catdir/enhancements/fy1410/2013945732-t.html">http://www.loc.gov/catdir/enhancements/fy1410/2013945732-t.html</a>
906 ## - LOCAL DATA ELEMENT F, LDF (RLIN)
a 7
b cbc
c copycat
d 2
e epcn
f 20
g y-gencatlg
942 ## - ADDED ENTRY ELEMENTS (KOHA)
Source of classification or shelving scheme Library of Congress Classification
Koha item type Books
Classification part 140
Item part HUR
Call number prefix P
Call number suffix 2014
Holdings
Withdrawn status Lost status Damaged status Not for loan Collection code Home library Current library Shelving location Date acquired Total Checkouts Full call number Barcode Date last seen Copy number Price effective from Koha item type
        Non-fiction Mashava Campus Library Mashava Campus Library General Stacks 05/19/2021   P140 HUR 2014 001591 05/19/2021 c.1 05/19/2021 Books